000 00970cam a22002174a 4500
005 20250605163959.0
008 250528s ||||||||||||||||||||||||d
035 _a15578
020 _a7707436
040 _aGR-AtMCL
_bgre
_dGR-AtMCL
_eAACR2
245 1 _aIntroduction to Software Project Management and Quality Assurance
260 _bMcgraw Hill Book Company,
_c1993
300 _a228
520 _aThis book gives a flavor of what it is actually like to be the project manager - both the positive and negative aspects. Preface, Acknowledgements, Software Project Management, Software Metrics, The Phase Plan, Managing a Project in Practice, Executing the System Design Phase, Executing the Implementation Phase, Ensuring Quality in the Testing Process, Quality Standards for Software Systems, Index.
700 1 _aDarrel Ince
_91514
700 1 _aSharp Helen
_91534
700 1 _aWoodman Mark
_91535
942 _cBK
999 _c1148
_d1148